000 01196nam a2200313 i 4500
003 DO-SdBNP
005 20230516112853.0
006 a||||gr|||| 00| 0
007 ta
008 230516t2022 dr a|||gr|||| 001 edspa d
020 _a9789945141429
040 _aDO-SdBNP
_bspa
_cBNPHU
_erda
082 4 _222
_bO77c
100 1 _974817
_aOrtiz Gómez, Altagracia
245 1 3 _aEl comercio del dolor:
_blos pacientes se convirtieron en clientes./
_cAltagracia Ortíz Gómez; cuidado de edición y corrección: Leonora Ramírez e Iván Pérez Carrión; ilustraciones: Wilson Morfe
246 1 0 _aEl comercio del dolor:
_bensayo
264 _aSanto Domingo
_bCorripio S.A.S.
_c2022
300 _a266 páginas :
_bilustraciones ;
_c22 cm
336 _2rdaconten
_atexto
_btxt
337 _2rdamedia
_asin medición
_bn
338 _2rdacarrier
_avolumen
_bnc
500 _aIncluye datos biográficos de la autora en la solapa de la cubierta.
504 _aBibliografía: 263 páginas
590 _aInventariado 2023 / MF
700 1 _aRamírez, Leonora,
_eedición
_983394
700 1 _aPérez Carrión, Ivan,
_eedición
_983395
700 1 _974022
_aMorfe, Wilson,
_eilustraciones
942 _2ddc
_cLBS1
999 _c53535
_d53535